000 00415nam a2200193Ia 4500
001 13380
003 GE_BSU
008 181216s||||||||xx |||||||||||||| ||und||
020 _a14783339
040 _cGE_BSU
080 _a821.111-3
100 _aCookson,Catherine.
245 4 _aThe mallen streak.
260 _aLondon.
260 _c1973
300 _a287p;20cm.
653 _aThe mallen streak.
942 _cBK
999 _c46541
_d46541